000 00457pab a2200157 454500
008 180718b1999 xxu||||| |||| 00| 0 eng d
100 _aHaj-Yahia, Muhammad H.
245 _aAttitudes towards mentally ill people and willingness to employ them in Arab society
260 _c1999
300 _ap.173-93
362 _aJun
650 _aMentally disabled - Arab States
650 _aMentally disabled
773 _aInternational Sociology
909 _a41948
999 _c41948
_d41948